000
00321 a2200133 4500
082
_a
297.4
090
_c
6127
_d
6127
100
_a
Ibn 'Arabi.
245
_a
The Meccan Revelations.
_c
Ibn 'Arabi.
260
_a
Lahore.
_b
Suhail Academy .
_c
2004.
300
_a
374p.
500
_a
Hard cover.
942
_a
NBS
_c
BK
_k
297.4 ARA
999
_c
348508
_d
348508